LEADER 01269nam a2200277 u 4500 001 000000011194 003 CaOOAMICUS 005 20070226105411.0 008 941010s1960 it u000 u ita u 035 $a10275442 040 $aPUL(R)$bita 041 1 $aita$hger 100 1 $aJaeger, Werner Wilhelm,$d1888-1961.$0(OLS)http://pul/name/3615 240 10$aAristoteles : Grundlegung einer Geschichte seiner Entwicklung.$lItaliano.$0(OLS)http://pul/title/16253 245 10$aAristotele :$bprime linee di una storia della sua evoluzione spirituale /$cWerner Jaeger. 260 $aFirenze :$bLa Nuova Italia,$c1960. 300 $aix, 628 p. ;$c22 cm 490 1 $aIl pensiero storico ;$v11 600 04$aAristoteles,$d384-322 a.C.$xFilosofia.$0(OLS)http://pul/subject/75 830 3$aIl pensiero storico ;$v11.$0(OLS)http://pul/title/6574 850 $aPUL 852 $aPUL$W1$xSL Filosofia 2$y80$mPhil C2 1.11$j15857$nBK-PRI$b $qStampati altre collocazioni$B15857$CPULBib$Z2$F15857 $H $81 941 1 $a10 961 $aINV: F. Giannini 996 $6245$aAristotele :$bprime linee di una storia della sua evoluzione spirituale$9(OLS)http://pul/title/16254 996 $6260$aFirenze :$bLa Nuova Italia$9(OLS)http://pul/publisher/48361 LEADER 01254nam a2200325 u 4500 001 000000032639 003 CaOOAMICUS 005 20070226112256.0 008 971021s1990 it u000 u ita u 020 $a8839404414 035 $a10773697 040 $aPUL$bita 041 1 $aita$hger 245 03$aLa Bibbia alle origini della chiesa /$cPaul Lamarche ... [et al.] ; edizione italiana a cura di Bruno Chiesa. 260 $aBrescia :$bPaideia,$cc1990. 300 $a169 p. ;$c21 cm 490 1 $aStudi biblici ;$v92 500 $aComprende indici. 500 $aTit. orig.: Bible de tous les temps. 504 $aBibliografia in nota. 700 1 $aLamarche, Paul,$cS.I.$0(OLS)http://pul/name/16277 700 1 $aChiesa, Bruno.$0(OLS)http://pul/name/12445 830 0$aStudi biblici (Paideia) ;$v92.$0(OLS)http://pul/title/88 850 $aPUL 852 $aPUL$W1$xSL Religione 1$y3$m10 M 92$j44952$nBK-PRI$b $qStampati$B44952$CPULBib$Z2$F44952 $H $81 941 1 $a8 961 $aINV: 65187. 996 $6020$a8839404414$9(OLS)http://pul/number/40980 996 $6245$aLa Bibbia alle origini della chiesa$9(OLS)http://pul/title/44994 996 $6260$aBrescia :$bPaideia$9(OLS)http://pul/publisher/47884